[Event "HCL-A088"]
[Site "www.playchess.de"]
[Date "2001.02.26"]
[Round "8"]
[White "peze"]
[Black "Lydeking"]
[WhiteElo "2005"]
[BlackElo "1662"]
[PlyCount "37"]
[Result "1/2-1/2"]

1.e4 e6 2.d4 d5 3.Nd2 Nf6 4.Bd3 c5 5.e5 Nfd7 6.c3 
Nc6 7.Ne2 cxd4 8.cxd4 f6 9.exf6 Nxf6 10.O-O Bd6 
11.Nf3 O-O 12.Bf4 Bxf4 13.Nxf4 Qb6 14.Qd2 Kh8 
15.Ng5 {Be early for draw. Sorry!}  Nxd4 16.Bxh7 
Nxh7 17.Ng6+ Kg8 18.Ne7+ Kh8 19.Ng6+ {permanent 
check!!}  1/2-1/2

[Event "ACL-A105"]
[Site "www.playchess.de"]
[Date "2001.02.26"]
[Round "14"]
[White "patzer"]
[Black "dakini"]
[WhiteElo "1485"]
[BlackElo "1608"]
[PlyCount "84"]
[Result "0-1"]

1.e4 {Danke für Deine Mail! Habe mich sofort 
eingetragen. Wie ich sehe spielst Du schon in 
HCL-B !}  d6 {Schön daß es geklappt hat. In "B" 
bekomme ich gerade das Fell gehörig frustig  über 
die Ohren gezoge}  2.Nf3 {Bei mir wird es wohl 
noch ein wenig dauern bis ich dort spiele...}  Nf6 
{Die letzten Neueuinsteiger sind alle bei "B" 
gelandet. Und hier laufen auch kräftig die PC´s 
mit ...}  3.Nc3 {Seit wann antwortest Du mit 
"1.d6"?}  e5 {Hab mir eine CD über verschiedene 
Eröffnungen besorgt. Heute ist ...1.d6 dran. Bis 
morgen}  4.d4 {Okay, dann bis morgen...}  exd4 
5.Nxd4 c5 {13.20 versuche ich, den Computer 
auszuschalten}  6.Nb3 {Dann sieht man sich wohl 
wieder abends?}  Be7 {Aber wenn dann erst nach 
22.00 . Einen schönen Nachmittag}  7.Be2 Nc6 
{21.30! Es kann weitergehen}  8.O-O {Ich bin nur 
noch bis ca. 23.00 am Rechner...}  Be6 {Dann 
wünsche ich eine erholsame Nacht. Bis morgen}  
9.Bg5 {Danke, Dir auch! Bis morgen...}  O-O 10.Bb5 
a6 11.Bxc6 bxc6 {Ich finde wir sind beide im 
grünen Bereich}  12.h3 {Laut mitlaufendem Computer 
sind wir das auch...}  Re8 {Welches Programm hast 
Du?}  13.Qf3 {Fritz6 - Aber langsamer Rechner 
(P133 MHZ 40MB RAM) Spiele natürlich auch eigene 
Züge...}  Rb8 {Ich weiß gar nicht , welches 
Programm bei meiner SchachCD im Hintergrund 
rechnet. Aber Fritz ist sta}  14.Rfe1 {Sehr 
nützlich finde ich auch das Eröffnungsbuch von 
Fritz. Aber reines auswendig lernen bringts nich}  
Qc8 {Ich mache bald Schluß für heute ...}  15.Rab1 
{Dies ist wohl auch schon mein letzter Zug. Gute 
nacht und bis morgen!}  h6 {Mein Rechner zeigt 
jetzt Ausgleich an... damit eine gute nacht bis 
morgen!}  16.Bf4 Rb4 {Du bekommst jetzt Vorteile! 
In HCL bekomme ich gerade schwer einen 
übergesengelt}  17.e5 {Reicht es aus ein 
"C"-Turnier zu gewinnen um in B zu spielen? In 
einem habe ich sehr gute Chancen...}  Nd5 {Ja , es 
reicht! Aber in "B" zu spielen sind ein paar 
völlig andere Schuhe!}  18.Bg3 {Werde ab heute 
Nachmittags bis morgen oder vielleicht Samstag 
keinen Zug abgeben können...}  c4 {Na dann gute 
Reise! ich werde hier alles zu Ende spielen und 
dann "entwöhnen" ;-) Die Sucht...}  19.Nd4 {Danke! 
Wie viele Partien hast Du noch laufen?}  Nxc3 {26! 
Da ist es mal mit mir durchgegangen. Die meisten 
gehen wohl verloren. Also erstmal Rückbau, dann}  
20.Qxc3 {26 Partien ist schon viel. Außer, wenn 
einige Spieler nur einmal am Tag ziehen...}  d5 
{Genau das ist das Problem. Bei einigen dauert es 
Tage!}  21.a3 {Hallo Thomas! Bin wieder da und es 
kann weitergehen. Werde heute aber nur paar mal 
reinschauen...}  Rb8 22.Nxe6 Qxe6 {Diese Eröffnung 
mit 2. ... d6 kommt offenbar ganz gut. In anderen 
Partien ebenfalls.}  23.Qf3 {Mir gefällt diese 
jetzt schon nicht! Habe mich eben in ein neues "B" 
Turnier eingetragen...}  Rb5 {Ich hätte auch schon 
große Lust, weil doch wenig gezogen wird hier, 
aber es ist zuviel momentan}  24.b4 {Wenn so wenig 
gezogen wird dürfte ein neues Turnier doch kein 
Problem sein. ;)}  cxb3 {Wie wäre es denn mit dem 
Turnier wo Translightor und mickey drin sind?}  
25.Rxb3 {Jetzt bringst Du mich aber in 
Schwierigkeiten. Habe mich heute schon in 2 
Turniere eingetragen...}  Qg6 {Bei Translightor 
und mickey melde ich mich jetzt nochmal an. 
Letztes Turnier}  26.Re2 {Gut, werde ich dann auch 
noch machen...}  Qe6 27.Re1 Bc5 {Bis nachher 
dann!}  28.a4 Rxb3 29.cxb3 a5 30.Qd3 Rb8 31.Rc1 
Bb6 {In der "B" Klasse erlebe ich gerade den 
dicken Frust. Meinst Du, es spielen alle ohne 
compi?}  32.Qc3 {Die meisten werden wohl ohne PC 
spielen. Ich schreibe gleich eine E-Mail an Dich. 
- Zuwenig Zeichen}  c5 33.Qd2 {Die E-Mail kommt 
wohl erst etwas später. Kann gerade weder senden 
noch empfangen...}  d4 {Ist aber angekommen ... 
meine Antwort ist auch schon wieder weg!}  34.Qd3 
{Habe nicht locker gelassen und immer wieder 
versucht zu senden. Deine Mail ist auch schon 
angekommen}  Ba7 {Ich denke daß ich bald wieder 
absteigen werde. Mein Punktebauch schmilzt dahin! 
:-))}  35.Rc4 {Das ist also auch möglich? 
Vielleicht sollte ich noch einen Blick in die 
ganzen Regeln werfen...}  Qg6 {Und jetzt kommt es: 
Damals habe ich zwei C- Turniere gew.; Abstieg 
jetzt in "B", wenn letzter Platz?}  36.Qxg6 fxg6 
37.Kf1 Rxb3 {Habe gerade die Bestätigung erhalten; 
bei einem letzen Platz in "B" steigt man wieder 
ab. Helau}  38.Ke2 {So schlimm ist das aber auch 
nicht. Ein 5+1 Turnier mit 5 Spielern und Du bist 
wieder in "B" !}  Kf7 {Aber erst nach der Pause 
*schmunzel*}  39.Kd2 Rb1 40.h4 Ke6 {Um halb acht 
ist Schicht im Schacht}  41.f4 {Hier werde ich 
wohl bald das Handtuch werfen...}  Rg1 {Mein 
Computer meldet Vorteil für mich von etwas mehr 
als einer Figur}  42.Kd3 {Na dann gratuliere ich! 
Im nächsten Zug ist Schluss...}  
Kd5 0-1

[Event "HCL-B198"]
[Site "www.playchess.de"]
[Date "2001.02.26"]
[Round "6"]
[White "hassell"]
[Black "Mother_Teresa"]
[WhiteElo "1500"]
[BlackElo "1193"]
[PlyCount "61"]
[Result "1-0"]

1.e4 {Hi from the UK}  e5 {Hello to you also}  
2.Nf3 Nc6 3.Bc4 Bc5 4.c3 Nf6 5.d3 Ng4 6.Bxf7+ Kxf7 
7.Ng5+ Kg8 8.Qxg4 d6 9.Qf3 Qf8 10.Qxf8+ Kxf8 
11.O-O h6 12.Nf3 Bg4 13.Nbd2 Ke7 14.h3 Bh5 15.b4 
Bb6 16.a4 a6 17.g4 Bf7 18.Nc4 Ba7 19.Ne3 g6 
20.Nd5+ Bxd5 21.exd5 Nd8 22.Nh4 Rg8 23.Kg2 h5 
24.f4 exf4 25.Bxf4 Kd7 26.Bg5 c6 27.dxc6+ Nxc6 
28.Rf7+ Ke8 29.Rxb7 Rb8 30.Re1+ Kf8 
31.Bh6+ 1-0

[Event "ACL-A104"]
[Site "www.playchess.de"]
[Date "2001.02.26"]
[Round "2"]
[White "Gruhni"]
[Black "Smutje"]
[WhiteElo "1421"]
[BlackElo "1099"]
[PlyCount "41"]
[Result "1-0"]

1.e4 {Hallo und gutes Spiel!}  e5 {dito}  2.Nf3 g5 
3.Bc4 g4 4.Nxe5 Qf6 5.Nxg4 Qg6 6.Qf3 f5 7.exf5 Qb6 
8.Ne5 Nc6 9.Qh5+ Kd8 10.Nf7+ Ke7 11.Nxh8 Nf6 
12.Qf7+ Kd6 13.Qxf8+ Ke5 14.Nf7+ Kxf5 {bist tag 
und nacht online?}  15.Bd3+ {Nachts nicht, aber 
tagsüber sehr, sehr oft!}  Ke6 16.Ng5+ Kd5 17.Qxf6 
d6 18.Be4+ Kc5 19.Qc3+ Kb5 20.Bd3+ Ka4 {hast du 
mich gleich?}  21.Qa3+ 1-0

[Event "HCL-B208"]
[Site "www.playchess.de"]
[Date "2001.02.26"]
[Round "9"]
[White "deadeasy"]
[Black "dakini"]
[WhiteElo "1929"]
[BlackElo "1188"]
[PlyCount "21"]
[Result "1-0"]

1.d4 {hello again.}  d5 {Hello Paul! Time for a 
new chess lesson I fear ...}  2.e4 {i dont know 
about that, but it should be enjoyable game}  dxe4 
{I´ll do my best without any computerhelp now ...} 
 3.Nc3 {you still refuse to avoid the gambit. to 
many play c6 or e6. Do you play on ICC or FICS?}  
Nf6 4.f3 exf3 5.Nxf3 Bg4 6.h3 Bxf3 7.Qxf3 {if i 
remember right this is different to last time ;-)} 
 c6 8.Be3 e6 9.Bd3 Bb4 10.O-O Nd5 
11.Qxf7+ 1-0

[Event "HCL-C210"]
[Site "www.playchess.de"]
[Date "2001.02.26"]
[Round "3"]
[White "suez"]
[Black "Alyaspogi1984"]
[WhiteElo "1000"]
[BlackElo "1000"]
[PlyCount "21"]
[Result "1-0"]

1.e4 e5 2.Nf3 Nc6 {hi how are you?}  3.d4 {Fine.  
Yourself?}  exd4 {i'm doing fine. than you. I am 
new at this site i just started it today. What 
about you?}  4.Nxd4 {I have looked at it for 
sometime.  Seems really cool.}  Nf6 {Where are you 
in usa? Oh i am playing at this site , if you are 
really good you can climb to top 40.}  5.Nxc6 {I 
am from Illinois.  Looks like biggest gripe here 
is players who build up time then don't move!}  
bxc6 {Oh i see. i am in oklahoma. Well i could 
move most of the time. i'm only 16 how about you?} 
 6.e5 {I have been through Oklahoma on the way to 
Arizona.  Drove under that large McDonalds on 
Interstate!}  Nd5 {This site seems cool, but how 
do you play some other peoples?}  7.Bd3 {They will 
move as the spots on the tournament are filled.  
You will be e-mailed when they move.}  d6 {oh i 
see. Hey try pacificmall online chess}  8.exd6 {I 
might...if have time.  I have to work through the 
week.}  cxd6 {Oh. chess is kinda fun. i play chess 
most of the time.}  9.O-O {It is fun.  It teaches 
you a lot too.}  Be7 {yup. i am learning.}  10.Be4 
Be6 {umm. i almost made a mistake i'm about to 
move k-f6.}  11.c4 {I will be stopping soon.  Will 
continue later.}  1-0

[Event "ACL-A041"]
[Site "www.playchess.de"]
[Date "2001.02.26"]
[Round "1"]
[White "Gruhni"]
[Black "sazex"]
[WhiteElo "1394"]
[BlackElo "1781"]
[PlyCount "52"]
[Result "0-1"]

1.e4 e5 2.Nf3 Nc6 3.Bc4 Bc5 4.d3 Nf6 5.Nc3 d6 
6.Bg5 h6 7.Bxf6 Qxf6 8.Nd5 Qd8 9.Bb5 O-O 10.O-O 
Ne7 11.Nxe7+ Qxe7 12.Bc4 Bg4 13.h3 Bh5 14.g4 Bg6 
15.Nh2 c6 16.c3 b5 17.Bb3 a5 18.a4 b4 19.Kg2 Rab8 
20.Bc4 Rfd8 21.f4 exf4 22.Rxf4 d5 23.exd5 bxc3 
24.bxc3 Rb2+ 25.Kf1 Qe3 26.Rf3 
Qg1+ 0-1

[Event "ACL-A041"]
[Site "www.playchess.de"]
[Date "2001.02.26"]
[Round "2"]
[White "Gearloose"]
[Black "Gruhni"]
[WhiteElo "1885"]
[BlackElo "1394"]
[PlyCount "67"]
[Result "1-0"]

1.e4 e5 2.Nf3 Nc6 3.d4 d6 4.dxe5 Nxe5 5.Nxe5 dxe5 
6.Qxd8+ Kxd8 7.Bc4 f6 8.Be3 Bd6 9.Nc3 Ne7 10.Nb5 
a6 11.Nxd6 cxd6 12.Bb6+ Kd7 13.O-O-O Kc6 14.Ba5 b6 
15.Bb4 Rd8 16.Rd3 a5 17.Bd2 b5 18.Bf7 Ra7 19.Rd1 
g6 20.Be3 Rad7 21.c4 b4 22.Be6 Rc7 23.c5 Kb5 
24.R3xd6 Rxd6 25.Rxd6 Bxe6 26.Rxe6 Nc6 27.Rxf6 Nd4 
28.Bxd4 exd4 29.c6 Rxc6+ 30.Rxc6 Kxc6 31.b3 Kd6 
32.f4 Kc5 33.Kd2 h6 34.Kd3 1-0

[Event "ACL-A041"]
[Site "www.playchess.de"]
[Date "2001.02.26"]
[Round "4"]
[White "Gruhni"]
[Black "chrisg"]
[WhiteElo "1394"]
[BlackElo "1786"]
[PlyCount "74"]
[Result "0-1"]

1.e4 c6 2.d4 d5 3.e5 Bf5 4.Bd3 Bxd3 5.Qxd3 e6 
6.Nf3 Ne7 7.Bg5 h6 8.Bh4 Qb6 9.Qb3 Qxb3 10.axb3 
Nf5 11.g4 Nxh4 12.Nxh4 c5 13.dxc5 Nc6 14.f4 Bxc5 
15.c3 g5 16.b4 Nxb4 17.cxb4 Bxb4+ 18.Ke2 gxh4 
19.h3 h5 20.g5 Kd7 21.Na3 Rac8 22.Rhc1 Rxc1 
23.Rxc1 Rc8 24.Rxc8 Kxc8 25.Nc2 Bc5 26.Kd3 Kd7 
27.b4 Bf2 28.Nd4 Bxd4 29.Kxd4 a6 30.Kc3 b6 31.Kb3 
a5 32.bxa5 bxa5 33.Ka4 d4 34.Kb3 d3 35.Kc3 Kc6 
36.Kxd3 Kd5 37.Ke3 a4 0-1

[Event "ACL-A041"]
[Site "www.playchess.de"]
[Date "2001.02.26"]
[Round "5"]
[White "chrisg"]
[Black "sazex"]
[WhiteElo "1786"]
[BlackElo "1781"]
[PlyCount "70"]
[Result "1/2-1/2"]

1.d4 f5 2.Nf3 e6 3.g3 c6 4.Nbd2 Nf6 5.Bg2 g6 6.Rg1 
Bg7 7.Nc4 d5 8.Nce5 O-O 9.Bf4 Qb6 10.Nd3 Nbd7 
11.Bd6 Re8 12.c3 Ne4 13.Be5 Nxe5 14.Nfxe5 c5 
15.Qa4 Rd8 16.dxc5 Nxc5 17.Qb4 Qxb4 18.cxb4 Nxd3+ 
19.Nxd3 b6 20.O-O-O Ba6 21.Kb1 Rac8 22.Rd2 Bxd3+ 
23.Rxd3 Rc4 24.a3 Rdc8 25.Rgd1 g5 26.R3d2 h5 27.e3 
Kf7 28.Bf1 R4c7 29.Ba6 Rh8 30.Rc1 Rxc1+ 31.Kxc1 h4 
32.Kc2 g4 33.Kd3 e5 34.Ke2 d4 35.Rc2 
e4 1/2-1/2

[Event "ACL-A041"]
[Site "www.playchess.de"]
[Date "2001.02.26"]
[Round "6"]
[White "Gearloose"]
[Black "chrisg"]
[WhiteElo "1885"]
[BlackElo "1786"]
[PlyCount "66"]
[Result "1/2-1/2"]

1.e4 c6 2.d4 d5 3.e5 Bf5 4.Nc3 e6 5.g4 Bg6 6.Nge2 
c5 7.h4 h6 8.Be3 Nc6 9.dxc5 Qc7 10.f4 Nb4 11.Nd4 
Bxc5 12.Rh2 O-O-O 13.Ncb5 Qb6 14.a3 Nc6 15.Nxc6 
Qxc6 16.Bxc5 Qxc5 17.Qd2 Kb8 18.h5 Be4 19.Nd6 Rxd6 
20.exd6 Qxd6 21.Rf2 Nf6 22.Be2 Qb6 23.c3 Bh1 
24.Qc2 Ne4 25.Bd3 Nxf2 26.Qxf2 Kc7 27.f5 Re8 28.f6 
gxf6 29.Qh2+ Kc8 30.Qxh1 Qxb2 31.Rb1 Qxc3+ 32.Ke2 
Qxa3 33.Qd1 a5 1/2-1/2

[Event "ACL-A041"]
[Site "www.playchess.de"]
[Date "2001.02.26"]
[Round "7"]
[White "michalis"]
[Black "Gruhni"]
[WhiteElo "1602"]
[BlackElo "1394"]
[PlyCount "29"]
[Result "1-0"]

1.e4 e5 2.Nf3 Nc6 3.Bb5 Nf6 4.O-O d6 5.d4 a6 
6.Bxc6+ bxc6 7.dxe5 Nxe4 8.exd6 Nxd6 9.Re1+ Be7 
10.Nd4 Bb7 11.Bg5 f6 12.Ne6 Qc8 13.Nxg7+ Kf8 
14.Bh6 Kg8 15.Rxe7 1-0

[Event "ACL-A041"]
[Site "www.playchess.de"]
[Date "2001.02.26"]
[Round "9"]
[White "michalis"]
[Black "Gearloose"]
[WhiteElo "1602"]
[BlackElo "1885"]
[PlyCount "41"]
[Result "1-0"]

1.e4 d6 2.d4 Nf6 3.Nc3 Nbd7 4.Bg5 e5 5.Nf3 c6 
6.dxe5 dxe5 7.Qd2 Be7 8.a3 a5 9.O-O-O Qc7 10.Nh4 
Nc5 11.f3 O-O 12.Qe3 b6 13.Bc4 Re8 14.Nf5 Bxf5 
15.exf5 Ncd7 16.Ba2 b5 17.Ne4 Nxe4 18.Bxe7 Rxe7 
19.fxe4 Nf6 20.g4 Qa7 21.Qf3 1-0

[Event "ACL-A041"]
[Site "www.playchess.de"]
[Date "2001.02.26"]
[Round "10"]
[White "chrisg"]
[Black "michalis"]
[WhiteElo "1786"]
[BlackElo "1602"]
[PlyCount "60"]
[Result "1-0"]

1.e4 c5 2.Nf3 d6 3.d4 cxd4 4.Nxd4 Nf6 5.Nc3 a6 
6.f4 Qc7 7.Bd3 g6 8.h3 Bg7 9.Be3 O-O 10.Qf3 e5 
11.fxe5 dxe5 12.Nb3 b6 13.O-O-O Rd8 14.g4 Be6 
15.g5 Nfd7 16.Nd5 Qb7 17.h4 Nc6 18.h5 Bxd5 19.exd5 
Nb4 20.Be4 f5 21.gxf6 e.p 22.Nxf6 hxg6 23.hxg6 
Bxg6 24.Nxa2+ Kb1 25.Nb4 c4 26.Qc7 Bh6 27.e4 Qf5 
28.Qd7 Rdg1 29.Qxf5 Bxf5 30.Ra7 
Be6+ 1-0

[Event "ACL-A041"]
[Site "www.playchess.de"]
[Date "2001.02.26"]
[Round "11"]
[White "Gruhni"]
[Black "peze"]
[WhiteElo "1394"]
[BlackElo "1945"]
[PlyCount "48"]
[Result "0-1"]

1.e4 e5 2.Bc4 Nf6 3.Nf3 Nc6 4.Nc3 Nxe4 5.Nxe4 d5 
6.Bxd5 Qxd5 7.Nc3 Qd8 8.O-O Bd6 9.d3 Bg4 10.h3 Bh5 
11.Ne4 Qd7 12.Re1 O-O-O 13.Ng3 Bg6 14.Be3 h6 
15.Ne4 Bb4 16.c3 Qxd3 17.Qxd3 Rxd3 18.Nc5 Bxc5 
19.Bxc5 b6 20.Be3 Rhd8 21.Re2 f5 22.Rae1 Bh5 
23.Rd2 R3xd2 24.Nxd2 f4 0-1

[Event "ACL-A041"]
[Site "www.playchess.de"]
[Date "2001.02.26"]
[Round "12"]
[White "peze"]
[Black "sazex"]
[WhiteElo "1945"]
[BlackElo "1781"]
[PlyCount "51"]
[Result "1-0"]

1.d4 f5 2.g3 Nf6 3.Bg2 e6 4.c4 d5 5.Nh3 dxc4 
6.Qa4+ c6 7.Qxc4 Be7 8.O-O O-O 9.Nd2 Nd5 10.Nf3 b6 
11.Bg5 Ba6 12.Qc2 Bxg5 13.Nhxg5 Qd6 14.Ne5 h6 
15.Ngf3 f4 16.Rfc1 Bb7 17.g4 Na6 18.g5 Ne7 19.gxh6 
gxh6 20.Kh1 Nb4 21.Qe4 Qd5 22.Qb1 Qd6 23.Rg1 Nf5 
24.Bh3+ Kh7 25.Rg6 Qd5 26.Qg1 1-0

[Event "ACL-A041"]
[Site "www.playchess.de"]
[Date "2001.02.26"]
[Round "13"]
[White "Gearloose"]
[Black "peze"]
[WhiteElo "1885"]
[BlackElo "1945"]
[PlyCount "47"]
[Result "1/2-1/2"]

1.e4 c5 2.Nc3 Nc6 3.Bc4 e6 4.a3 Nf6 5.d3 d5 6.exd5 
exd5 7.Ba2 Be7 8.Nge2 O-O 9.O-O Be6 10.Ng3 Re8 
11.Re1 Bg4 12.f3 Bc8 13.Bg5 Be6 14.Qd2 h6 15.Bxf6 
Bxf6 16.Kh1 Qd6 17.f4 Ne7 18.Nd1 Bh4 19.Nf2 Nc6 
20.c3 a5 21.a4 Bxg3 22.hxg3 Bd7 23.Bb3 Bf5 
24.Rxe8+ 1/2-1/2

[Event "ACL-A041"]
[Site "www.playchess.de"]
[Date "2001.02.26"]
[Round "14"]
[White "peze"]
[Black "chrisg"]
[WhiteElo "1945"]
[BlackElo "1786"]
[PlyCount "43"]
[Result "1/2-1/2"]

1.d4 Nf6 2.c4 e6 3.Nf3 b6 4.g3 Bb7 5.Bg2 Be7 6.O-O 
O-O 7.Nc3 Ne4 8.Bd2 Nxd2 9.Qxd2 d6 10.e4 c5 
11.Rad1 cxd4 12.Qxd4 Nc6 13.Qe3 Qc8 14.Rd2 Rd8 
15.Rfd1 Ne5 16.Nxe5 dxe5 17.R2xd8+ Bxd8 18.Qd3 Be7 
19.Qd7 Kf8 20.a3 Qxd7 21.Rxd7 Bc6 
22.Rd1 1/2-1/2

[Event "ACL-A041"]
[Site "www.playchess.de"]
[Date "2001.02.26"]
[Round "15"]
[White "michalis"]
[Black "peze"]
[WhiteElo "1602"]
[BlackElo "1945"]
[PlyCount "86"]
[Result "0-1"]

1.e4 e5 2.Nf3 Nf6 3.d4 d6 4.Bd3 Nbd7 5.O-O Be7 
6.Be3 O-O 7.h3 d5 8.Nbd2 dxe4 9.Nxe4 Nxe4 10.Bxe4 
Nf6 11.Qd3 exd4 12.Bxd4 Re8 13.Rfe1 Nxe4 14.Qxe4 
Be6 15.a3 c5 16.Bc3 Qd5 17.Qe2 a6 18.Ne5 b5 
19.Rad1 Qb7 20.Ng4 b4 21.axb4 cxb4 22.Bd4 Bf8 
23.Ne5 Rac8 24.Rd2 f6 25.Nf3 Bxh3 26.Qxe8 Rxe8 
27.Rxe8 Kf7 28.Re3 Be6 29.Red3 Bc4 30.Re3 g6 31.b3 
Bd5 32.Ne1 h5 33.Rde2 Bd6 34.Bb2 g5 35.Kf1 h4 
36.Rh3 Bf4 37.Kg1 Bc6 38.Bd4 Qc8 39.f3 Bb5 40.Re4 
Bg3 41.Rxg3 hxg3 42.Rg4 Qd7 43.c3 
Qe6 0-1

[Event "ACL-A041"]
[Site "www.playchess.de"]
[Date "2001.02.26"]
[Round "16"]
[White "JayKay"]
[Black "Gruhni"]
[WhiteElo "1500"]
[BlackElo "1394"]
[PlyCount "38"]
[Result "1/2-1/2"]

1.e4 e5 2.Nf3 Nc6 3.Bc4 Bc5 4.Nc3 d6 5.d3 Bg4 
6.Na4 Bb6 7.Bd2 Nd4 8.c3 Nxf3+ 9.gxf3 Bh5 10.Nxb6 
axb6 11.Rg1 g6 12.Qe2 Qh4 13.O-O-O Qxh2 14.Bb5+ c6 
15.Bc4 b5 16.Bb3 Qh3 17.Rg3 Qd7 18.Bg5 f6 19.Be3 
Ne7 1/2-1/2

[Event "ACL-A041"]
[Site "www.playchess.de"]
[Date "2001.02.26"]
[Round "18"]
[White "JayKay"]
[Black "Gearloose"]
[WhiteElo "1500"]
[BlackElo "1885"]
[PlyCount "64"]
[Result "0-1"]

1.e4 d6 2.d4 Nf6 3.Nc3 Nbd7 4.Nf3 e5 5.Bc4 Be7 
6.Ng5 O-O 7.Bxf7+ Rxf7 8.Ne6 Qe8 9.Nxc7 Qd8 
10.Nxa8 exd4 11.Qxd4 Ng4 12.O-O b6 13.Nb5 Nxh2 
14.Kxh2 Bf6 15.Qd5 Be5+ 16.f4 Qh4+ 17.Kg1 Nf6 
18.Qc4 Ng4 19.Qxc8+ Rf8 20.Qxf8+ Kxf8 21.fxe5+ Kg8 
22.Bf4 dxe5 23.Bxe5 Nxe5 24.Rfd1 Ng4 25.Rd5 Qf2+ 
26.Kh1 Ne3 27.Rd8+ Kf7 28.Rd2 Qxd2 29.Rg1 Ng4 
30.Rf1+ Kg6 31.Kg1 Qe3+ 32.Kh1 
Qh6+ 0-1

[Event "ACL-A041"]
[Site "www.playchess.de"]
[Date "2001.02.26"]
[Round "19"]
[White "chrisg"]
[Black "JayKay"]
[WhiteElo "1786"]
[BlackElo "1500"]
[PlyCount "35"]
[Result "1/2-1/2"]

1.e4 e5 2.Nf3 Nc6 3.Bc4 Nf6 4.d3 d5 5.exd5 Nxd5 
6.O-O Be7 7.Re1 Bg4 8.h3 Be6 9.Nxe5 Nxe5 10.Rxe5 
O-O 11.Qe2 c6 12.Qf3 a5 13.Nd2 Qc7 14.Re2 b5 
15.Bxd5 Bxd5 16.Qh5 Bf6 17.c4 g6 
18.Qh6 1/2-1/2

[Event "ACL-A041"]
[Site "www.playchess.de"]
[Date "2001.02.26"]
[Round "20"]
[White "JayKay"]
[Black "michalis"]
[WhiteElo "1500"]
[BlackElo "1602"]
[PlyCount "43"]
[Result "1/2-1/2"]

1.e4 c5 2.Nf3 d6 3.Bb5+ Bd7 4.Bc4 e6 5.Nc3 Nf6 
6.d3 h6 7.O-O Nc6 8.b3 Be7 9.Bf4 e5 10.Bd2 O-O 
11.Nd5 Nxd5 12.Bxd5 Bf6 13.Qe1 Bg4 14.Qe3 Qd7 
15.a4 Nd4 16.Nxd4 Bg5 17.Qe1 Bxd2 18.Qxd2 exd4 
19.Bc4 Be6 20.Bxe6 Qxe6 21.Rae1 b6 
22.g3 1/2-1/2

[Event "ACL-A041"]
[Site "www.playchess.de"]
[Date "2001.02.26"]
[Round "21"]
[White "peze"]
[Black "JayKay"]
[WhiteElo "1945"]
[BlackElo "1500"]
[PlyCount "44"]
[Result "1/2-1/2"]

1.e4 e5 2.Nf3 Nc6 3.Bb5 Nf6 4.Nc3 a6 5.Bxc6 dxc6 
6.Nxe5 Nxe4 7.Nxe4 Qd4 8.O-O Qxe5 9.Re1 Be6 10.d4 
Qd5 11.Bg5 Bd6 12.b3 O-O 13.c4 Qf5 14.Nxd6 cxd6 
15.Be7 Rfe8 16.Bxd6 Rad8 17.Bc5 b5 18.Rc1 Qf4 
19.Qc2 Bf5 20.Qc3 Re4 21.Rxe4 Bxe4 22.Re1 
bxc4 1/2-1/2

[Event "ACL-A046"]
[Site "www.playchess.de"]
[Date "2001.02.26"]
[Round "5"]
[White "Yogibear"]
[Black "Pietros"]
[WhiteElo "1875"]
[BlackElo "1296"]
[PlyCount "56"]
[Result "1-0"]

1.Nf3 d5 2.g3 Nc6 3.d4 Nf6 4.Bg2 Bg4 5.O-O Qd7 
6.Ne5 Nxe5 7.dxe5 Nh5 8.f3 Bh3 9.g4 Bxg4 10.fxg4 
Qxg4 11.Qxd5 e6 12.Qb5+ c6 13.Qxb7 Bc5+ 14.e3 O-O 
15.Qxc6 Rac8 16.Qe4 Qg5 17.b4 f5 18.exf6 e.p 
19.Bb6 Qxe6+ 20.Kh8 Rf5 21.Qg4 fxg7+ 22.Qxg7 Rxh5 
23.Rxc2 Bd2 24.Rxd2 Nxd2 25.Qxa1+ Nf1 26.Qg7 Rf5 
27.Rd8 Rf7 28.Qg5 Kh1 1-0

[Event "HCL-C064"]
[Site "www.playchess.de"]
[Date "2001.02.26"]
[Round "3"]
[White "riedemann"]
[Black "Dark_Knights"]
[WhiteElo "1000"]
[BlackElo "1000"]
[PlyCount "80"]
[Result "0-1"]

1.Nc3 e5 2.e4 Nf6 3.d3 Bb4 4.Bd2 Bxc3 5.Bxc3 Nc6 
6.Ne2 d5 7.Ng3 O-O 8.Be2 dxe4 9.Nxe4 Nxe4 10.dxe4 
Qg5 11.g3 Bh3 12.Bf1 Rad8 13.Bd2 Qg6 14.f3 Bxf1 
15.Rxf1 f5 16.Qe2 fxe4 17.fxe4 Rxf1+ 18.Kxf1 Qf7+ 
19.Kg2 Nd4 20.Qd3 c5 21.b3 Rf8 22.Be3 Nxc2 23.Qxc2 
Qf3+ 24.Kh3 Qxe3 25.Qc4+ Kh8 26.Rf1 Qh6+ 27.Kg2 
Rxf1 28.Qxf1 Qd2+ 29.Kg1 Qd4+ 30.Qf2 Kg8 31.a3 b5 
32.a4 Qxf2+ 33.Kxf2 c4 34.bxc4 bxa4 35.c5 Kf7 
36.Ke3 a3 37.c6 Ke6 38.c7 Kd7 39.Kd2 a2 40.Kc2 
a1Q 0-1

[Event "HCL-C064"]
[Site "www.playchess.de"]
[Date "2001.02.26"]
[Round "6"]
[White "Dark_Knights"]
[Black "rhonda202"]
[WhiteElo "1000"]
[BlackElo "913"]
[PlyCount "45"]
[Result "1-0"]

1.e4 e5 2.Bc4 c6 3.Qh5 g6 4.Qxe5+ Qe7 5.Qxh8 Qxe4+ 
6.Ne2 Qxc4 7.Qxg8 Qxc2 8.Qxh7 d5 9.d4 Bg4 10.f3 
Bf5 11.Nbc3 g5 12.Qh5 Be7 13.O-O Bd3 14.Bxg5 Qxb2 
15.Rae1 Nd7 16.Bxe7 Kxe7 17.Rf2 Nf6 18.Nf4+ Kf8 
19.Qh6+ Kg8 20.Rxb2 Ba6 21.Qxf6 b5 22.Nh5 b4 
23.Qg7+ 1-0

[Event "HCL-C064"]
[Site "www.playchess.de"]
[Date "2001.02.26"]
[Round "7"]
[White "jakdanl202"]
[Black "Mystery"]
[WhiteElo "1011"]
[BlackElo "1000"]
[PlyCount "42"]
[Result "0-1"]

1.e4 e5 2.Nf3 Nc6 3.Nc3 Nf6 4.Bb5 d6 5.d3 Bd7 
6.Be3 Be7 7.Bc4 O-O 8.d4 exd4 9.Nxd4 Nxd4 10.Qxd4 
c5 11.Qd3 Be6 12.Bd5 Qd7 13.O-O-O a6 14.Bf4 Ng4 
15.Rd2 Ne5 16.Bxe5 dxe5 17.Bxe6 Qxe6 18.Rhd1 Rad8 
19.Nd5 Bg5 20.Nc7 Bxd2+ 21.Rxd2 
Rxd3 0-1

[Event "HCL-C064"]
[Site "www.playchess.de"]
[Date "2001.02.26"]
[Round "9"]
[White "jakdanl202"]
[Black "Dark_Knights"]
[WhiteElo "1011"]
[BlackElo "1000"]
[PlyCount "30"]
[Result "0-1"]

1.e4 e5 2.Nf3 Nf6 3.d3 d6 4.Bg5 d5 5.Bxf6 gxf6 
6.c4 Bb4+ 7.Nbd2 Bg4 8.h3 Bxf3 9.Qxf3 dxc4 10.a3 
Bxd2+ 11.Kxd2 Nc6 12.Rc1 Nd4 13.Qg4 Nb3+ 14.Kd1 
Nxc1 15.Kxc1 Ke7 0-1